000 00597nam a2200205Ia 4500
003 GCL
008 140319s9999 xx 000 0 ara d
020 _a091909977
040 _aGCL /
_cGCL
082 0 4 _a813.03
_bي ق
100 1 _aيوسف القعيد
245 1 0 _aقطار الصعيد /
_cيوسف القعيد
250 _aالاولى
260 _aالقاهرة :
_bدار الشروق ،
_c2004
300 _a221 ص ؛
_c20 سم
650 0 4 _aالادب العربى
650 0 4 _aالقصص العربية
650 0 4 _aالقصص العربية - مصر
942 _2ddc
_cBK
999 _c58334
_d58334